Quick Pick: Woodwind Quintet Quiz Stats

Quiz Updated Jan 3, 2018

Challenge
Share
Tweet
Embed
Score 0/5 Timer 00:30
11 Plays Today
% Correct
Clarinet
89.4%
Oboe
87.6%
Flute
75.3%
Bassoon
74.6%
Horn
29.3%

Today's Daily Dose

Missing Word
1971 Movies A-Z

Word Ladder
Complete Tour

Quick Pick
Logo Colors

On This Day
January 19th

You're not logged in!

Compare scores with friends on all Sporcle quizzes.
Sign Up with Email
OR
Log In

You Might Also Like...

Show Comments

Extras

Top Quizzes Today


Score Distribution

Your Account Isn't Verified!

In order to create a playlist on Sporcle, you need to verify the email address you used during registration. Go to your Sporcle Settings to finish the process.